| 000 | 00612nam a2200217Ii 4500 | ||
|---|---|---|---|
| 001 | 10993 | ||
| 003 | CO-ViMGA | ||
| 008 | 241108s9999||||xx |||||||||||||| ||und|| | ||
| 020 | _a958040948X | ||
| 040 |
_aCO-ViMGA _bspa _erda _cCO-ViMGA |
||
| 041 | 0 | _aunk | |
| 084 | _aN ISA1ma | ||
| 100 | 1 |
_aIván Hernández Arbeláez _948108 |
|
| 245 | 1 | 0 | _aMaría |
| 264 | 1 | _a[Lugar de publicación no identificado] : Norma, 1989 | |
| 300 | _avolumen | ||
| 336 |
_atext _btxt _2rdacontent |
||
| 337 |
_aunmediated _bn _2rdamedia |
||
| 338 |
_avolume _bnc _2rdacarrier |
||
| 940 | _aidficha_siabuc: 10735. -- ficha_no_siabuc:10993 | ||
| 999 |
_c52556 _d52556 |
||